Lecciones de octubre: Qué fue la Revolución Rusa?

Guardado en:
书目详细资料
主要作者: Trotsky, León
格式: 图书
语言:Undetermined
出版: Buenos Aires, Argentina Proletaria 1971
版:2
主题:
标签: 添加标签
没有标签, 成为第一个标记此记录!

MARC

LEADER 00000nam a2200000Ia 4500
008 170316s9999 xx 000 0 und d
090 |a 100 T-17.1L 
100 |a Trotsky, León 
245 |a Lecciones de octubre: Qué fue la Revolución Rusa? 
250 |a 2 
260 |a Buenos Aires, Argentina 
260 |b Proletaria 
260 |c 1971 
300 |a 121 páginas 
650 |a FILOSOFÍA 
999 |c 17747  |d 17747 
040 |a cru BVZT 
942 |c 15 D  |h 100 T-17.1L  |2 z